| 000 | 00834nam a2200241 i 4500 | ||
|---|---|---|---|
| 001 | bg | ||
| 100 | 1 | _aKRÓLAK, Edward | |
| 245 | 1 | 0 |
_aOsuszanie ścian z wilgoci podciąganej kapilarnie : _bpomoc dydaktyczna / _cEdward Królak, Zbigniew Pieniążek ; Politechnika Krakowska im. Tadeusza Kościuszki. |
| 260 |
_aKraków : _bPK, _c1999. |
||
| 300 |
_a44 s. : _bfot., rys. ; _c24 cm. |
||
| 504 | _aBibliogr. s. 42-44. | ||
| 650 | 9 |
_aWilgotność _xbudownictwo _xzapobieganie i zwalczanie _xmetody |
|
| 655 | _aPodręczniki akademickie | ||
| 700 | 1 |
_aPIENIĄŻEK, Zbigniew _d(1917-1999) |
|
| 710 | 0 | _aPolitechnika Krakowska im. Tadeusza Kościuszki | |
| 020 | _a8372420092 | ||
| 040 | _cBPK | ||
| 041 | 0 | _apl | |
| 080 | _a697:532](075.8) | ||
| 920 | _a83-7242-009-2 | ||
| 942 | _cKS | ||
| 008 | s pl f |000 0 pol | ||
| 999 |
_c37863 _d37863 |
||
| 856 |
_uhttp://koha.tu.koszalin.pl/cgi-bin/koha/opac-detail.pl?biblionumber=37863 _yKatalog online BPK |
||